TV Show by Four Screenshots Quiz Stats

 Plays Quiz Updated Dec 4, 2017

Score 0/24 Timer 06:00
2 Plays Today
% Correct
Friends
94.5%
The Simpsons
94.2%
LOST
89.3%
Modern Family
86.8%
The Big Bang Theory
82.8%
Scrubs
78.7%
How I Met Your Mother
77.3%
Arthur
75.6%
Stranger Things
73.4%
Brooklyn Nine Nine
67.5%
Grey's Anatomy
67.4%
Game of Thrones
62.6%
% Correct
The Office (US)
51.9%
Recess
50.1%
Orange Is The New Black
49.8%
Pretty Little Liars
46.8%
One Tree Hill
46.2%
Bates Motel
42%
Parks and Recreation
38.9%
Community
32.4%
The O.C.
31.2%
How to Get Away with Murder
29.1%
Scream Queens
23%
Smallville
21.5%

You're not logged in!

Compare scores with friends on all Sporcle quizzes.
OR
Log In

Show Comments

Extras

Top Quizzes Today


Score Distribution

Your Account Isn't Verified!

In order to create a playlist on Sporcle, you need to verify the email address you used during registration. Go to your Sporcle Settings to finish the process.

Report this User

Report this user for behavior that violates our Community Guidelines.

Details: